[Event "Niedersachsen-ch op-B"]
[Site "Verden"]
[Date "2014.01.03"]
[Round "3"]
[White "Eschholz, Dario"]
[Black "Gottlieb, Timo"]
[Result "1/2-1/2"]
[WhiteElo "1575"]
[BlackElo "1587"]
[PlyCount "59"]
[EventDate "2014.01.02"]
[EventType "swiss"]
[EventRounds "7"]
[EventCountry "GER"]
[SourceTitle "EXT 2016"]
[Source "ChessBase"]
[SourceDate "2015.10.08"]
[SourceVersion "1"]
[SourceVersionDate "2015.10.08"]
[SourceQuality "1"]

1. e4 c5 2. Nc3 Nc6 3. g3 e6 4. Bg2 g6 5. d3 Bg7 6. Nf3 Nge7 7. Be3 d6 8. Qd2 0-0 9. Bh6 d5 10. 0-0-0 dxe4 11. Nxe4 Nf5 12. Bxg7 Kxg7 13. Nxc5 Qd5 14. Nb3 a5 15. Qc3+ Kg8 16. Qc5 Qd8 17. Ne5 Nb4 18. Kb1 b6 19. Qc4 Ba6 20. Qe4 Rc8 21. Rd2 Qd6 22. Nf3 Nxc2 23. Qe5 Qxe5 24. Nxe5 Nb4 25. Nd7 Rfd8 26. Nxb6 Bxd3+ 27. Ka1 Nc2+ 28. Kb1 Na3+ 29. Ka1 Nc2+ 30. Kb1 1/2-1/2

[Event "Niedersachsen-ch op-B"]
[Site "Verden"]
[Date "2012.01.04"]
[Round "5"]
[White "Peters, Tom"]
[Black "Gottlieb, Timo"]
[Result "1-0"]
[WhiteElo "1756"]
[BlackElo "1564"]
[PlyCount "55"]
[EventDate "2012.01.02"]
[EventType "swiss"]
[EventRounds "7"]
[EventCountry "GER"]
[SourceTitle "EXT 2021"]
[Source "ChessBase"]
[SourceDate "2020.10.23"]
[SourceVersion "1"]
[SourceVersionDate "2020.10.23"]
[SourceQuality "1"]

1. e4 c5 2. Nf3 Nc6 3. d4 cxd4 4. Nxd4 e6 5. Nc3 a6 6. Be3 Qc7 7. Qd2 Nf6 8. f3 Bb4 9. 0-0-0 0-0 10. g4 d6 11. h4 Ne5 12. h5 Qa5 13. g5 Nfd7 14. f4 Nc6 15. g6 Bxc3 16. Qxc3 Qxc3 17. bxc3 Nf6 18. gxh7+ Kh8 19. h6 Ng4 20. hxg7+ Kxg7 21. Rg1 f5 22. exf5 exf5 23. Nxc6 bxc6 24. Rxd6 Kxh7 25. Rh1+ Kg7 26. Bd4+ Kf7 27. Bc4+ Ke7 28. Bc5 1-0

[Event "Niedersachsen-ch op"]
[Site "Verden"]
[Date "2011.01.02"]
[Round "1"]
[White "Gottlieb, Timo"]
[Black "Schwenteck, Peter"]
[Result "0-1"]
[WhiteElo "1359"]
[BlackElo "1887"]
[PlyCount "74"]
[EventDate "2011.01.02"]
[EventType "swiss"]
[EventRounds "7"]
[EventCountry "GER"]
[SourceTitle "EXT 2018"]
[Source "ChessBase"]
[SourceDate "2017.10.13"]
[SourceVersion "1"]
[SourceVersionDate "2017.10.13"]
[SourceQuality "1"]

1. e4 d5 2. exd5 Qxd5 3. Nc3 Qa5 4. d3 Nf6 5. Bd2 c6 6. Nf3 Bg4 7. Be2 Nbd7 8. 0-0 Qc7 9. h3 Bh5 10. Nd4 Bg6 11. Qc1 e6 12. Re1 Bc5 13. Nb3 Bd6 14. Be3 0-0 15. Nd2 Nb6 16. Bf3 Nfd5 17. Bd4 Nxc3 18. Bxc3 Nd5 19. Bd4 Bf4 20. c4 Nb4 21. Qc3 Nxd3 22. Bxg7 Nxe1 23. Rxe1 Bxd2 24. Qf6 Qd8 25. Qe5 Bxe1 26. Bh6 f6 27. Qxe6+ Rf7 28. Qxe1 Qe7 29. Qc3 Qe5 30. Qb4 Re8 31. Qa3 Qd4 32. b3 Re1+ 33. Kh2 Qe5+ 34. g3 Be4 35. Bxe4 Qxe4 36. g4 Qf3 37. Qxa7 Rh1# 0-1

[Event "Niedersachsen-ch open"]
[Site "Verden"]
[Date "2010.01.05"]
[Round "6.67"]
[White "Finke, Maurice"]
[Black "Gottlieb, Timo"]
[Result "1-0"]
[WhiteElo "1411"]
[BlackElo "1257"]
[PlyCount "119"]
[EventDate "2010.01.03"]
[EventType "swiss"]
[EventRounds "7"]
[EventCountry "GER"]
[SourceTitle "EXT 2012"]
[Source "ChessBase"]
[SourceDate "2011.11.24"]
[SourceVersion "1"]
[SourceVersionDate "2011.11.24"]
[SourceQuality "1"]

1. d4 d5 2. c4 e6 3. Nc3 Nf6 4. cxd5 Nxd5 5. e4 Nxc3 6. bxc3 Be7 7. Nf3 b6 8. Bb5+ Nd7 9. Ne5 0-0 10. Nc6 Qe8 11. Qa4 Nf6 12. Nxe7+ Qxe7 13. Bc6 Bd7 14. Bxd7 Qxd7 15. Qxd7 Nxd7 16. 0-0 Nf6 17. f3 Rfe8 18. Bf4 Rac8 19. a4 Nh5 20. Bg5 f6 21. Be3 e5 22. g3 exd4 23. cxd4 f5 24. e5 g6 25. f4 Nf6 26. Rfe1 Ne4 27. Red1 Nc3 28. Rd3 Nd5 29. Kf2 Kf7 30. Rb1 a6 31. Bd2 Ke6 32. h3 Rf8 33. Bb4 Rf7 34. Bd2 Rd8 35. Rc1 Rdf8 36. a5 Rb8 37. Ra3 Rff8 38. Kf3 h5 39. Rc6+ Kf7 40. axb6 Rxb6 41. Rxb6 Nxb6 42. Rxa6 Ra8 43. Rxa8 Nxa8 44. Ba5 Ke6 45. Ke3 c6 46. Kd3 Kd5 47. Kc3 c5 48. dxc5 Kxc5 49. e6 Kd6 50. Kc4 Kxe6 51. Kc5 Kd7 52. Kd5 Ke7 53. Kc6 Ke6 54. Kb7 Kd5 55. Kxa8 Ke4 56. h4 Kf3 57. Bd8 Kxg3 58. Bg5 Kf3 59. Kb7 Ke4 60. Kc6 1-0